[Event "Ruhrgebiet VL1 0304"]
[Site "Ruhrgebiet"]
[Date "2003.12.07"]
[Round "4.2"]
[White "Lanius, Daniel"]
[Black "Landau, Christian"]
[Result "1-0"]
[WhiteElo "2032"]
[BlackElo "2061"]
[PlyCount "131"]
[EventDate "2003.09.28"]
[EventType "team"]
[EventRounds "9"]
[EventCountry "GER"]
[SourceTitle "EXT 2007"]
[Source "ChessBase"]
[SourceDate "2006.11.23"]
[SourceVersion "1"]
[SourceVersionDate "2006.11.23"]
[SourceQuality "1"]
[WhiteTeam "Osterfeld"]
[BlackTeam "Steele/Kray Rochade"]
[WhiteTeamCountry "GER"]
[BlackTeamCountry "GER"]

1. e4 c5 2. Nf3 Nc6 3. d4 cxd4 4. Nxd4 Nf6 5. Nc3 g6 6. Nxc6 bxc6 7. e5 Ng8 8. Bc4 Bg7 9. Qf3 f5 10. Bf4 e6 11. 0-0 Qc7 12. Rfe1 Nh6 13. Bb3 Rb8 14. a3 Nf7 15. Qg3 0-0 16. Rad1 Kh8 17. h4 Rg8 18. Rd3 Bf8 19. Nb1 Be7 20. Nd2 Ba6 21. Rd6 g5 22. hxg5 Nxg5 23. Qc3 Rg7 24. Re3 Nf7 25. Rg3 Rbg8 26. Nf3 Be2 27. Nd4 Nxd6 28. Rxg7 Rxg7 29. Bh6 Ne4 30. Bxg7+ Kxg7 31. Qe3 Ba6 32. Bxe6 Qxe5 33. Nxf5+ Kh8 34. Qxa7 Bd6 35. Qa8+ Bb8 36. Qxa6 Qh2+ 37. Kf1 Qh1+ 38. Ke2 Qh5+ 39. f3 Ng3+ 40. Nxg3 Bxg3 41. Qc8+ Kg7 42. Qg8+ Kf6 43. Qxg3 Qb5+ 44. Kd2 Kxe6 45. Qg4+ Kf6 46. Qd4+ Ke6 47. Qe3+ Kf6 48. Qh6+ Ke7 49. Qxh7+ Kd8 50. Qh8+ Kc7 51. Qg7 Qa5+ 52. c3 Qd5+ 53. Kc1 Qd3 54. Qe5+ Kb7 55. Qe1 d5 56. Qd2 Qc4 57. Kc2 Qa4+ 58. Kb1 Qc4 59. Qd1 c5 60. b3 Qxc3 61. Qxd5+ Kb6 62. Qd1 Kc6 63. Qc2 Qe1+ 64. Ka2 Qf1 65. Qd2 Kb5 66. f4 1-0

[Event "Ruhrgebiet VL1 0304"]
[Site "Ruhrgebiet"]
[Date "2003.11.09"]
[Round "3.2"]
[White "Landau, Christian"]
[Black "Dergatschova, Anna"]
[Result "0-1"]
[WhiteElo "2061"]
[BlackElo "2180"]
[PlyCount "74"]
[EventDate "2003.09.28"]
[EventType "team"]
[EventRounds "9"]
[EventCountry "GER"]
[SourceTitle "EXT 2007"]
[Source "ChessBase"]
[SourceDate "2006.11.23"]
[SourceVersion "1"]
[SourceVersionDate "2006.11.23"]
[SourceQuality "1"]
[WhiteTeam "Steele/Kray Rochade"]
[BlackTeam "Holsterhausen"]
[WhiteTeamCountry "GER"]
[BlackTeamCountry "GER"]

1. g3 d5 2. Nf3 Nc6 3. d4 Bg4 4. Bg2 Qd7 5. h3 Bh5 6. c3 f6 7. b4 a6 8. g4 Bf7 9. Bf4 g5 10. Bg3 h5 11. gxh5 Rxh5 12. Nbd2 0-0-0 13. Nb3 e6 14. Rb1 Nh6 15. Nc5 Bxc5 16. bxc5 Rh8 17. Qb3 Nd8 18. Kd2 Nf5 19. Bh2 Ne7 20. Rhc1 Nec6 21. Qa3 g4 22. Ne1 e5 23. e3 Qf5 24. Bg3 gxh3 25. Bh1 Rg8 26. c4 Rxg3 27. fxg3 Qf2+ 28. Kd1 Rg5 29. Bf3 h2 30. Rb2 Qxf3+ 31. Nxf3 h1Q+ 32. Ne1 Rxg3 33. Rcb1 Bh5+ 34. Kd2 exd4 35. Rxb7 dxe3+ 36. Kc3 e2+ 37. Nd3 Rxd3+ 0-1

[Event "Ruhrgebiet VL1 0304"]
[Site "Ruhrgebiet"]
[Date "2003.09.28"]
[Round "1.2"]
[White "Landau, Christian"]
[Black "Haberhausen, Ansgar"]
[Result "1/2-1/2"]
[WhiteElo "2061"]
[BlackElo "2074"]
[PlyCount "91"]
[EventDate "2003.09.28"]
[EventType "team"]
[EventRounds "9"]
[EventCountry "GER"]
[SourceTitle "EXT 2007"]
[Source "ChessBase"]
[SourceDate "2006.11.23"]
[SourceVersion "1"]
[SourceVersionDate "2006.11.23"]
[SourceQuality "1"]
[WhiteTeam "Steele/Kray Rochade"]
[BlackTeam "Laeufer Wanne Eickel"]
[WhiteTeamCountry "GER"]
[BlackTeamCountry "GER"]

1. Nf3 d5 2. g3 Nf6 3. Bg2 c6 4. 0-0 Bf5 5. d3 Nbd7 6. Nbd2 e6 7. b3 Be7 8. Bb2 Qc7 9. Qe1 0-0 10. e4 dxe4 11. dxe4 Bg6 12. Qe2 Rfd8 13. e5 Nd5 14. Ne4 Nc5 15. Nxc5 Bxc5 16. Nh4 Rd7 17. Nxg6 hxg6 18. Rfd1 Rad8 19. a3 a5 20. Rd3 Qb6 21. Rad1 Bxa3 22. Rxd5 Rxd5 23. Rxd5 Bxb2 24. Rxd8+ Qxd8 25. f4 Qd4+ 26. Kf1 Ba3 27. Be4 Bc5 28. Kg2 Qg1+ 29. Kf3 Qh1+ 30. Qg2 Qxg2+ 31. Kxg2 Kf8 32. Kf3 Ke8 33. g4 Kd7 34. Bd3 b5 35. f5 g5 36. h3 Bd4 37. Ke4 Bb2 38. Be2 Kc7 39. c4 a4 40. bxa4 bxa4 41. fxe6 fxe6 42. c5 Bc1 43. Bc4 Kd7 44. Ba2 Bf4 45. Bb1 Bh2 46. Kd4 1/2-1/2

[Event "Essen op"]
[Site "Essen Borbeck"]
[Date "2001.04.14"]
[Round "5"]
[White "Becker, Marcel"]
[Black "Landau, Christian"]
[Result "1-0"]
[WhiteElo "2234"]
[BlackElo "2129"]
[PlyCount "61"]
[EventDate "2001.04.11"]
[EventType "swiss"]
[EventRounds "9"]
[EventCountry "GER"]
[SourceTitle "CBM 081 Extra"]
[Source "ChessBase"]
[SourceDate "2001.05.06"]
[SourceVersion "1"]
[SourceVersionDate "2001.05.06"]
[SourceQuality "1"]

1. d4 Nf6 2. c4 g6 3. Nc3 d5 4. Nf3 Bg7 5. Bf4 0-0 6. e3 c5 7. dxc5 Qa5 8. Rc1 dxc4 9. Bxc4 Nc6 10. 0-0 Nd7 11. Nd4 Nxc5 12. Nd5 Bxd4 13. exd4 Ne6 14. Bh6 Re8 15. Re1 Ncxd4 16. Nf6+ exf6 17. Qxd4 Qh5 18. Qd2 g5 19. Bb5 Bd7 20. Qxd7 Red8 21. Qxb7 Qxh6 22. Bc4 Rdb8 23. Qf3 Nd4 24. Bxf7+ Kxf7 25. Qd5+ Kg6 26. Qxd4 Qg7 27. Qd3+ Kh6 28. Qh3+ Kg6 29. g4 Qd7 30. Rcd1 Qb7 31. Rd6 1-0